Azeotropy and polyazeotropy

Salvato in:
Dettagli Bibliografici
Autore principale: Swietoslawski, Wojciech (Autore)
Natura: Libro
Lingua:inglese
Pubblicazione: Oxford Pergamon 1963
Soggetti:
Tags: Aggiungi Tag
Nessun Tag, puoi essere il primo ad aggiungerne!!

MARC

LEADER 00000nam a2200000 a 4500
001 UCU3766
003 CL-VaPUC
008 960510e19630000UK |||||||||||||||||eng|d
082 0 4 |a 541.39  |b SWI  |2 21 
100 0 |a Swietoslawski, Wojciech  |e author  |9 360890 
245 1 0 |a Azeotropy and polyazeotropy 
300 |a 226 p 
942 |c BK 
945 |d 19960510 00:00:00  |a paguirre 
260 |a Oxford  |b Pergamon  |c 1963 
650 0 |a Reacciones químicas  |9 259438 
650 0 |a Termodinámica   |9 259320 
650 0 |a Termoquímica  |9 337401 
650 0 |a Calor específico  |9 259409 
583 |a last modification  |c 19960510 00:00:00  |k Rodrigo Vera 
999 |c 247662  |d 247660